01863 am a2200529 a 450000500170000000800410001702000150005804100080007310000340008124500650011525000110018026000350019130000110022650000920023765300460032965300220037565300300039765300340042765300230046165300330048465300170051765300870053465300200062165300310064165300380067265300300071065300390074065300220077965300430080165300490084465300250089365300320091865300190095065300390096965300160100865300350102465300150105965300360107465300200111065300230113065300190115365300180117265300360119065300300122665300570125665300200131320240517110212.0100330s1999||||ag # f |||| 000 0 spa d a9502310322 aspa1 aMazzáfero, Vicente Enrique. aMedicina y salud pública / cVicente Enrique Mazzáfero. a1a ed. aBuenos Aires: bEUDEBA;c1999. a958 p. aMazzáfero, V. E. (1999). Medicina y salud pública. (1a ed.). Buenos Aires : EUDEBA. aSalud pública en las sociedades humanas aSistemas de salud aAdministración de salud aEstrategias para la cobertura aEconomía y salud aIntegración intersectorial aDemografía aInformación médica de la causa de muerte y clasificación de las enfermedades aEpidemiología aEpidemiología genética aTransición demoepidemiológica aMétodo epidemiológico aInvestigación en salud pública aEcología humana aDerecho a la salud y el medio ambiente aConductas y salud. Educación para la salud aTecnoloía médica aParticipación comunitaria aAlimentación aEvaluación de programas sociales aSaneamiento aSalud mental de la población aSalud oral aEnfermería en salud pública aServicio social aAuditoria médica aAcreditación aSalud laboral aHigiene y seguridad del trabajo aLey de riesgos de trabajo aDerecho de la seguridad social y el sistema de salud aFiscalización